[Event "Corfu Chess Festival 2009"]
[Site "Municipal Theatre of Kerkyra, "]
[Date "2009.09.13"]
[Round "9.1"]
[White "Doehner, Hans-Juergen Prof"]
[Black "Nathanail, Emanouel"]
[Result "1-0"]
[WhiteElo "2177"]
[BlackElo "2093"]
[PlyCount "91"]
[EventDate "2009.09.05"]
[EventRounds "9"]
[EventCountry "GRE"]

1. e4 e5 2. Nf3 Nc6 3. Bb5 a6 4. Ba4 d6 5. O-O Be7 6. c3 f5 7. d3 b5 8. Bc2 Nf6
9. a4 Rb8 10. axb5 axb5 11. Bb3 d5 12. exd5 Nxd5 13. Re1 Bf6 14. Nxe5 Nxe5 15.
d4 Be6 16. dxe5 Be7 17. Ra6 Rb6 18. Rxb6 cxb6 19. Qh5+ g6 20. Qe2 Qd7 21. Bh6
Kf7 22. Rd1 Qc6 23. Bc2 Rd8 24. Bc1 Re8 25. Bd3 b4 26. c4 Nc7 27. b3 Na6 28.
Nd2 Nc5 29. Bc2 Bd7 30. Nf3 Ne6 31. Nd4 Nxd4 32. Rxd4 Bc5 33. Rd1 Be6 34. Bd3
Rb8 35. Bh6 Bc8 36. Kh1 Bd4 37. f4 Qc5 38. Bg5 Bb7 39. Bh4 h6 40. h3 Ke6 41.
Kh2 Be3 42. Bg3 Ra8 43. Bb1 Bd4 44. Bh4 g5 45. Bg3 Rd8 46. Qh5 1-0

[Event "Corfu Chess Festival 2009"]
[Site "Municipal Theatre of Kerkyra, "]
[Date "2009.09.13"]
[Round "9.1"]
[White "Pappas, Mihail"]
[Black "Pountzas, Hrisanthos"]
[Result "0-1"]
[WhiteElo "1964"]
[BlackElo "2168"]
[PlyCount "68"]
[EventDate "2009.09.05"]
[EventRounds "9"]
[EventCountry "GRE"]

1. e4 c5 2. c4 Nc6 3. Nc3 g6 4. g4 d6 5. h4 h5 6. g5 Bg7 7. d3 e6 8. Be3 Nge7
9. Bg2 a6 10. Qd2 Rb8 11. f4 Nd4 12. Nf3 e5 13. Bxd4 exd4 14. Nd5 Nxd5 15. cxd5
O-O 16. O-O Bg4 17. Nh2 Bd7 18. Bf3 f5 19. Rf2 Qc7 20. b3 fxe4 21. Bxe4 Bf5 22.
Nf1 Qd7 23. Ng3 Bxe4 24. Nxe4 Qg4+ 25. Kh2 Qxh4+ 26. Kg2 Qg4+ 27. Kh2 Rf7 28.
Raf1 Rbf8 29. b4 b6 30. a4 a5 31. bxa5 bxa5 32. Nxd6 Rxf4 33. Rxf4 Be5 34. Ne4
Rxf4 0-1

[Event "Corfu Chess Festival 2009"]
[Site "Municipal Theatre of Kerkyra, "]
[Date "2009.09.13"]
[Round "9.1"]
[White "Meyner, Hannes"]
[Black "Akstinat, Sven-Holger"]
[Result "0-1"]
[WhiteElo "2114"]
[BlackElo "2128"]
[PlyCount "68"]
[EventDate "2009.09.05"]
[EventRounds "9"]
[EventCountry "GRE"]

1. d4 e6 2. c4 b6 3. a3 Bb7 4. Nc3 f5 5. d5 e5 6. e4 Nf6 7. exf5 Bc5 8. Nf3 O-O
9. Bd3 e4 10. Nxe4 Qe7 11. Qe2 c6 12. Nxf6+ Qxf6 13. Bg5 Qf7 14. Ne5 Qe8 15.
Qe4 cxd5 16. cxd5 d6 17. f4 dxe5 18. fxe5 Nd7 19. e6 Nf6 20. Bxf6 gxf6 21.
O-O-O Qe7 22. b4 Bd6 23. Kb1 a5 24. Bb5 axb4 25. a4 Rfc8 26. Rc1 Rc5 27. Rxc5
bxc5 28. g4 Kh8 29. h4 Rg8 30. Rf1 Be5 31. Bc6 Ba6 32. Rg1 c4 33. g5 b3 34. Rg2
c3 0-1

[Event "Corfu Chess Festival 2009"]
[Site "Municipal Theatre of Kerkyra, "]
[Date "2009.09.13"]
[Round "9.1"]
[White "Wempe, Juergen"]
[Black "Hreppas, Ilias"]
[Result "1-0"]
[WhiteElo "2176"]
[BlackElo "1784"]
[PlyCount "99"]
[EventDate "2009.09.05"]
[EventRounds "9"]
[EventCountry "GRE"]

1. d4 b5 2. e4 a6 3. a4 Bb7 4. axb5 Bxe4 5. d5 e6 6. Nc3 Bb4 7. Bd2 Bxc3 8.
Bxc3 Nf6 9. dxe6 fxe6 10. bxa6 Nxa6 11. Qe2 Bb7 12. Qb5 Nb8 13. Rxa8 Bxa8 14.
Bxf6 gxf6 15. Qh5+ Ke7 16. Nf3 Be4 17. Be2 Nc6 18. Nd2 Bg6 19. Qc5+ Kf7 20. c3
Qe7 21. Qe3 Ra8 22. O-O Ne5 23. f4 Nc6 24. Bf3 Ra6 25. Rd1 Kg7 26. Ne4 Bxe4 27.
Bxe4 f5 28. Bxc6 Rxc6 29. Qd4+ Kg8 30. Qxd7 Qc5+ 31. Kh1 Rd6 32. Qe8+ Kg7 33.
Qe7+ Kg8 34. Rd3 Rxd3 35. Qxc5 Rd1+ 36. Qg1 Rxg1+ 37. Kxg1 Kf8 38. Kf2 Ke7 39.
Ke3 Kd6 40. Kd4 c5+ 41. Kc4 h5 42. g3 e5 43. fxe5+ Kxe5 44. b4 cxb4 45. cxb4 h4
46. b5 hxg3 47. hxg3 Kd6 48. Kd4 Ke6 49. Kc5 Kd7 50. Kd5 1-0

[Event "Corfu Chess Festival 2009"]
[Site "Municipal Theatre of Kerkyra, "]
[Date "2009.09.13"]
[Round "9.1"]
[White "Meertens, Martin"]
[Black "Marek, Herbert"]
[Result "1-0"]
[WhiteElo "2132"]
[BlackElo "1915"]
[PlyCount "93"]
[EventDate "2009.09.05"]
[EventRounds "9"]
[EventCountry "GRE"]

1. e4 c5 2. Nf3 e6 3. d4 cxd4 4. Nxd4 Nf6 5. Bd3 Nc6 6. Nxc6 bxc6 7. c4 Be7 8.
O-O d6 9. Nc3 Bb7 10. Qe2 Qc7 11. Bf4 e5 12. Bg3 g5 13. Nd1 h5 14. f3 h4 15.
Bf2 Nh5 16. Ne3 Nf4 17. Qd2 Rd8 18. Rfd1 Bc8 19. Bf1 Be6 20. b4 Qd7 21. h3 Nh5
22. Kh2 f5 23. exf5 Bxf5 24. Bd3 Bxd3 25. Qxd3 Qe6 26. Qe4 Rc8 27. a4 Nf4 28.
Ra2 Qg6 29. Qxg6+ Nxg6 30. Nf5 d5 31. Nxe7 Nxe7 32. Bxa7 d4 33. Re2 Ra8 34. Bc5
Ng6 35. Rxd4 Rxa4 36. Rd6 Kf7 37. Rxc6 Rha8 38. Rd6 Ra1 39. Red2 Rc1 40. Rd1
Rc2 41. Be3 Nf4 42. Bxf4 exf4 43. R1d5 Raa2 44. Rxg5 Ra1 45. Ra5 Rb1 46. Ra7+
Ke8 47. Rh6 1-0